Tratado de táctica aplicada (Record no. 115301)

MARC details
000 -LEADER
campo de control de longitud fija 01382nam a2200265 i 4500
001 - NÚMERO DE CONTROL
campo de control 115301
003 - IDENTIFICADOR DE NÚMERO DE CONTROL
campo de control ES-MaACL
005 - FECHA Y HORA DE LA ÚLTIMA TRANSACCIÓN
campo de control 20230906190412.0
007 - CAMPO FIJO DE DESCRIPCIÓN FÍSICA--INFORMACIÓN GENERAL
campo de control de longitud fija t|
008 - DATOS DE LONGITUD FIJA--INFORMACIÓN GENERAL
campo de control de longitud fija 070302s1877 sp ||||1| spa d
100 1# - ENTRADA PRINCIPAL--NOMBRE DE PERSONA
Nombre de persona Paris, Friedrich August.
9 (RLIN) 89135
245 10 - MENCIÓN DEL TÍTULO
Título Tratado de táctica aplicada
Resto del título : redactado con arreglo al programa de estudios de las escuelas de guerra prusianas /
Mención de responsabilidad, etc. por J. [i.e. F.] A. Paris... ; traducido de la quinta edición alemana por Felipe Tournelle.
260 ## - PUBLICACIÓN, DISTRIBUCIÓN, ETC.
Lugar de publicación, distribución, etc. [Madrid :
Nombre del editor, distribuidor, etc. Biblioteca militar,
Fecha de publicación, distribución, etc. 1877 (
Lugar de fabricación/manufactura Madrid :
Fabricante Tip.-Esterotipia Perojo])
300 ## - DESCRIPCIÓN FÍSICA
Extensión 4 v.(VII, XV, 247; 284; 264; 280) ;
Dimensiones 18 cm.
490 1# - MENCIÓN DE SERIE
Mención de serie Biblioteca militar ;
Designación de volumen o secuencia t. 9-12
500 ## - NOTA GENERAL
Nota general Los v. 1, 2 y 4 incluyen la publicación mensual Crónica de la guerra de Oriente correspondientes a los meses de sept., nov. y dic. de 1877.
500 ## - NOTA GENERAL
Nota general Los v. 2 y 4 incluyen los cinco primeros capítulos de: Apuntes sobre la última guerra en Cataluña (1872-1875)/ por Joaquín de la Llave y García.
700 1# - ENTRADA AGREGADA--NOMBRE PERSONAL
Nombre de persona Tournelle, Felipe.
9 (RLIN) 111144
700 1# - ENTRADA AGREGADA--NOMBRE PERSONAL
Nombre de persona Llave y García, Joaquín de la.
9 (RLIN) 72734
740 0# - ENTRADA AGREGADA--TÍTULO RELACIONADO/ANALÍTICO NO CONTROLADO
Título relacionado o analítico no controlado Crónica de la guerra de Oriente.
740 0# - ENTRADA AGREGADA--TÍTULO RELACIONADO/ANALÍTICO NO CONTROLADO
Título relacionado o analítico no controlado Apuntes sobre la última guerra de Cataluña.
830 0# - PUNTO DE ACCESO ADICIONAL DE SERIE-TÍTULO UNIFORME
Título uniforme Biblioteca militar ;
Designación de volumen o secuencia t. 9-12
9 (RLIN) 181165
852 ## - LOCALIZACIÓN
Ubicación ES-MaACL
Número de control de estantería G-8059-62
Nota libre .-- Enc. editorial tela de colores con hierros dorados
Holdings
Estatus retirado Estado de pérdida Estado de daño No para préstamo Colección Biblioteca de origen Biblioteca actual Ubicación en estantería Fecha de adquisición Fuente de adquisición Total de préstamos Signatura topográfica completa Código de barras Visto por última vez Precio de reemplazo Tipo de ítem Koha
        Libros del s. XIX Biblioteca del Ateneo de Madrid Biblioteca del Ateneo de Madrid Sala Pecera Planta 3 17/01/2008     G-8059-62 1120222 23/02/2023 23/02/2023 Libro impreso antiguo